Management of libraries in the 21st century / (Record no. 63431)

MARC details
000 -LEADER
fixed length control field 00373nam a22001337a 4500
005 - DATE AND TIME OF LATEST TRANSACTION
control field 20170828150756.0
020 ## - INTERNATIONAL STANDARD BOOK NUMBER
International Standard Book Number 8170002923
Terms of availability 750.00
035 ## - SYSTEM CONTROL NUMBER
System control number B-058898
037 ## - SOURCE OF ACQUISITION
Stock number DPL
Source of stock number/acquisition ENG
245 ## - TITLE STATEMENT
Title Management of libraries in the 21st century /
260 ## - PUBLICATION, DISTRIBUTION, ETC. (IMPRINT)
Place of publication, distribution, etc New Delhi
Name of publisher, distributor, etc Ess Ess Publications
Date of publication, distribution, etc 2000
300 ## - PHYSICAL DESCRIPTION
Extent 337p.
Dimensions 18 cms.
942 ## - ADDED ENTRY ELEMENTS (KOHA)
Source of classification or shelving scheme Dewey Decimal Classification
Item type English Books
Classification part 020.6
Call number suffix MAN
Holdings
Withdrawn status Lost status Not for loan Collection code Home library Current library Date acquired Cost, normal purchase price Full call number Barcode Cost, replacement price Koha item type
      Non-fiction Sarojini Nagar Sarojini Nagar 25/02/2012 750.00 020.6 MAN B-058898 750.00 English Books

© Delhi Public Library
Hit Counter
free hit counter